Využívanie prostriedkov EÚ ako účinného nástroja podpory diverzifikácie v podmienkach SR a jeho regiónov

Európska únia a programy zavádzania diverzifikácie v poľnohospodárstve v podmienkach vidieckej ekonomiky s cieľom zabezpečiť udržateľný rast v kontexte zachovania krajiny či kultúrneho dedičstva.

Guardado en:
Detalles Bibliográficos
Autor principal: Tóthová, Veronika
Otros Autores: Fiľa, Milan
Formato: Capítulo de libro
Lenguaje:eslovaco
Materias:
Etiquetas: Agregar Etiqueta
Sin Etiquetas, Sea el primero en etiquetar este registro!

MARC

LEADER 00000nla$a2200000$$$4500
001 0149092
005 20221107084451.2
041 0 |a slo 
044 |a CZ 
245 1 0 |a Využívanie prostriedkov EÚ ako účinného nástroja podpory diverzifikácie v podmienkach SR a jeho regiónov  |c Veronika Tóthová, Milan Fiľa 
520 |a Európska únia a programy zavádzania diverzifikácie v poľnohospodárstve v podmienkach vidieckej ekonomiky s cieľom zabezpečiť udržateľný rast v kontexte zachovania krajiny či kultúrneho dedičstva. 
610 2 0 |a Európska únia 
610 2 0 |a regióny 
610 2 0 |a politika poľnohospodárska 
610 2 0 |a diverzifikácia 
610 2 0 |a fondy Európskej únie 
610 2 0 |a spolupráca medzinárodná 
100 1 |a Tóthová, Veronika 
700 1 |a Fiľa, Milan